6 Most Famous Cities in Bahrain on a Map - Statistics

General Stats
  • This quiz has been taken 109 times
  • The average score is 3 of 6
Answers on the Map
Answers color-coded by a green-red scale on the quiz's map according to % correct below.
 
Answer Stats
Wiki Monthly Views Cityquiz Mention Rate Population Answers % Correct
37.47K 24.82% 143.04K Manama
100%
4.72K 0.47% 91.31K Muharraq
52%
3.23K 0.95% 79.55K Riffa
48%
1.18K 0.16% 52.72K Hamad Town
35%
1.65K 0.16% 36.83K Isa Town
35%
1.89K 0.15% 34.32K Sitra
35%
No matching quizzes found
Score Distribution
Percent of People with Each Score
Percentile by Number Answered
Your Score History
You have not taken this quiz